Wszyscy uczestnicy Totalnej Porażki Plejady Gwiazd - Statystyki

Ogólne statystyki
  • Ten quiz został rozwiązany 122 razy
  • Średni wynik to 11 z 14
Statystyki odpowiedzi
Drużyna Uczestnik % Poprawnych
Dranie Gwen
97%
Dranie Duncan
92%
Dranie Heather
91%
Dranie Alejandro
89%
Bohaterowie Mike
88%
Bohaterowie Zoey
84%
Bohaterowie Cameron
83%
Bohaterowie Courtney
82%
Dranie Scott
79%
Bohaterowie Sierra
79%
Dranie Lightning
73%
Dranie Jo
71%
Bohaterowie Sam
71%
Bohaterowie Lindsay
69%
Nie znaleziono quizów pasujących do podanych kryteriów
Rozkład punktacji
Procent ludzi z każdym wynikiem
Percentyl według liczby udzielonych odpowiedzi
Twoja historia wyników
Nie rozwiązałeś tego quizu